Cơ sở thiết kế máy xây dựng

Shranjeno v:
Bibliografske podrobnosti
Glavni avtor: VŨ LIÊM CHÍNH
Format: Knjiga
Jezik:Undetermined
Izdano: Xây dựng 2002
Oznake: Označite
Brez oznak, prvi označite!
Thư viện lưu trữ: Trung tâm Học liệu Trường Đại học Cần Thơ
LEADER 00419nam a2200145Ia 4500
001 CTU_48301
008 210402s9999 xx 000 0 und d
082 |a 621.82 
082 |b Ch312 
100 |a VŨ LIÊM CHÍNH 
245 0 |a Cơ sở thiết kế máy xây dựng 
245 0 |c VŨ LIÊM CHÍNH 
260 |b Xây dựng 
260 |c 2002 
980 |a Trung tâm Học liệu Trường Đại học Cần Thơ